| 000 | 00874nam a22002897a 4500 | ||
|---|---|---|---|
| 003 | CHAP | ||
| 005 | 20220329134854.0 | ||
| 008 | 971013s r 00010 d | ||
| 010 | _a27274 | ||
| 011 | _a28246 | ||
| 035 | _a32349 | ||
| 040 | _cCHAP | ||
| 090 | _aFolleto 6585 | ||
| 110 |
_aInstituto Mexicano del Seguro Social _959268 |
||
| 245 | _aManual básico para el manejo de desechos sólidos | ||
| 260 |
_a(s.l.) : _bEl Instituto, _c(s.a.) |
||
| 300 |
_a37 p. _b: ilus |
||
| 590 |
_aBATCH-UPD _b10 _c20130110 _lUCH01 _h1610 |
||
| 590 |
_aBATCH-UPD _b10 _c20130410 _lUCH01 _h1006 |
||
| 590 |
_aBATCH-UPD _b10 _c20130914 _lUCH01 _h1202 |
||
| 590 |
_aCONVERSION _b10 _c20130109 _lUCH01 _h1316 |
||
| 650 | 1 | 4 |
_aDesperdicios. _932170 |
| 650 | 1 | 4 |
_aResíduos industriales. _996147 |
| 901 | _aBK | ||
| 942 | _cFOLL | ||
| 949 |
_aFolleto 6585 _bBC _cFOLL _d-75116 _eTS1 _i32349 _si |
||
| 999 |
_c27274 _d27274 |
||